[Event "AUTO-ADV-4041"]
[Site "http://www.queenalice.com/game.php?id=1534426"]
[Date "2018.7.11"]
[Round "1"]
[White "worldwide"]
[Black "jgfmelo"]
[Result "1-0"]
[WhiteElo "1880"]
[BlackElo "1943"]

1. e4 e5 2. d3 Nc6 3. Nf3 Bc5 4. Nc3 h6 5. g3 d6 6. Bg2 Nf6 7. Na4 d5 8. Nxc5 b6
9. exd5 Qxd5 10. Nb3 Bg4 11. h3 Bh5 12. g4 Bg6 13. Nh4 Qe6 14. Nxg6 fxg6 15. Be3
Rd8 16. Qe2 O-O 17. O-O-O a5 18. Bxc6 Qxc6 19. f4 exf4 20. Bxf4 Nd5 21. Bg3 Nb4
22. a3 Nxd3+ 23. Kb1 Rf3 24. Qh2 a4 25. Nd2 Qf6 26. Be5 Qxe5 27. Qxe5 Nxe5 28.
Nxf3 Rxd1+ 29. Rxd1 Nxf3 30. Rd7 c6 31. Rd6 g5 32. Rxc6 Ng1 33. Rxb6 Nxh3 34. c4
Nf2 35. c5 Nxg4 36. c6 Nf6 37. c7 Kh7 38. c8=Q h5 39. Qf5+ Kh6 40. Rb8 h4 41.
Rh8+ 1-0

[Event "AUTO-ADV-4041"]
[Site "http://www.queenalice.com/game.php?id=1534427"]
[Date "2018.7.11"]
[Round "1"]
[White "jgfmelo"]
[Black "worldwide"]
[Result "1-0"]
[WhiteElo "1887"]
[BlackElo "1911"]

1. e4 e5 2. Nf3 d6 3. h3 b6 4. d4 exd4 5. Nxd4 Bb7 6. Nc3 Ne7 7. Qf3 Nbc6 8. Bc4
Ne5 9. Qe2 Nxc4 10. Qxc4 Qd7 11. Bf4 Ng6 12. Bg3 Ne5 13. Qe2 a5 14. f4 Nc6 15.
Ndb5 O-O-O 16. a3 Ba6 17. O-O-O f6 18. e5 fxe5 19. fxe5 Re8 20. Nxd6+ cxd6 21.
Qxa6+ 1-0

[Event "AUTO-ADV-4041"]
[Site "http://www.queenalice.com/game.php?id=1534440"]
[Date "2018.7.11"]
[Round "1"]
[White "jgfmelo"]
[Black "chessman"]
[Result "0-1"]
[WhiteElo "1906"]
[BlackElo "2007"]

1. e4 e6 2. Nf3 d5 3. e5 c5 4. b3 Nc6 5. Bb5 Bd7 6. Ba3 Nxe5 7. Bxd7+ Nxd7 8.
Nc3 Ngf6 9. d3 Be7 10. Qe2 Qa5 11. Bb2 d4 12. Kd2 dxc3+ 13. Bxc3 Qc7 14. g3 O-O
15. Rag1 Rad8 16. h4 Nd5 17. Bb2 Qa5+ 18. Kc1 Qxa2 19. Ne5 Nxe5 20. Bxe5 Bf6 21.
Bxf6 Nxf6 22. Kd2 Qa5+ 23. Kc1 Qc3 24. f3 Nd5 25. Qe1 Qd4 26. Qe4 Nf6 27. Qxd4
Rxd4 28. Re1 b5 29. g4 c4 30. dxc4 bxc4 31. Re3 cxb3 32. Rxb3 Ra8 33. c3 Rf4 34.
g5 Nd5 35. Kd2 Rxf3 36. Rhb1 g6 37. c4 Rxb3 38. Rxb3 Nf4 39. c5 a5 40. c6 Rc8
41. Rc3 Rc7 42. Rc5 Kf8 43. Kc3 Ke7 44. Kd4 a4 45. Rc4 Kd6 46. Ke4 Rxc6 47. Rxa4
Nd5 48. Kf3 Rc3+ 49. Kg2 f6 50. Ra6+ Ke5 51. gxf6 Nxf6 52. Ra5+ Nd5 53. Ra7 h5
54. Rg7 Kf6 55. Rg8 Kf5 56. Rf8+ Nf6 57. Rd8 e5 58. Ra8 Kg4 59. Ra4+ Kf5 60. Kh2
Ne4 61. Rb4 Nd2 62. Kg2 Nf3 63. Kg3 e4 64. Rb5+ Ne5+ 65. Kh2 Kf4 66. Kg2 e3 67.
Rb4+ Rc4 68. Rb3 Ng4 69. Rb6 e2 70. Re6 Re4 71. Rxg6 e1=Q 72. Rg5 Qf2+ 73. Kh3
Qg3# 0-1

[Event "AUTO-ADV-4041"]
[Site "http://www.queenalice.com/game.php?id=1534441"]
[Date "2018.7.11"]
[Round "1"]
[White "chessman"]
[Black "jgfmelo"]
[Result "0-1"]
[WhiteElo "1993"]
[BlackElo "1924"]

1. e4 e5 2. Nf3 d6 3. d4 Bg4 4. dxe5 Bxf3 5. gxf3 a6 6. exd6 Bxd6 7. Nc3 Qh4 8.
Be3 Nc6 9. Be2 Nf6 10. Qd2 O-O-O 11. Bd3 Qh3 12. Qe2 Ne5 13. f4 Nf3+ 14. Kd1 Bb4
15. a3 Bxc3 16. bxc3 Nxe4 17. Kc1 Nxc3 18. Qf1 Qe6 19. Kb2 Qf6 0-1

[Event "AUTO-ADV-4041"]
[Site "http://www.queenalice.com/game.php?id=1534442"]
[Date "2018.7.11"]
[Round "1"]
[White "jgfmelo"]
[Black "ebpap123"]
[Result "1-0"]
[WhiteElo "1873"]
[BlackElo "1943"]

1. e4 c5 2. Nf3 e6 3. e5 Nc6 4. Nc3 a6 5. Bc4 b5 6. Bd3 Qc7 7. Qe2 Nge7 8. b3
Ng6 9. Bxg6 hxg6 10. d3 Be7 11. Ne4 Nxe5 12. Bf4 Nxf3+ 13. Qxf3 Qb7 14. Bd6 Qc6
15. Qf4 Rf8 16. Bxe7 Kxe7 17. Qg5+ Ke8 18. h4 d5 19. Nc3 Qc7 20. h5 gxh5 21.
Qxg7 Qe7 22. Rxh5 Bb7 23. O-O-O Kd7 24. Qg4 Rg8 25. Qh3 Rg5 26. g4 Rag8 27. f3
Rxh5 28. Qxh5 Qg5+ 29. Qxg5 Rxg5 30. Rh1 Rg7 31. a4 bxa4 32. Nxa4 Kd6 33. Rh8
Bc6 34. Kd2 Bxa4 35. bxa4 Kc6 36. Rb8 f6 37. a5 Rb7 38. Ra8 Kb5 39. Re8 Kxa5 40.
Rxe6 Rb6 41. Re7 Kb5 42. f4 a5 43. Re1 a4 44. Rb1+ Ka5 45. Rxb6 Kxb6 46. Kc3 Kc6
47. Kb2 Kd6 48. Ka3 Ke6 49. Kxa4 Kd6 50. Kb5 d4 51. Kb6 Kd5 52. Kc7 c4 53. Kd7
cxd3 54. cxd3 Kc5 55. Ke6 Kb4 56. Kxf6 Kc3 57. g5 Kxd3 58. g6 Ke3 59. g7 d3 60.
g8=Q d2 61. Qg3+ Ke2 62. Qg2+ Kd1 63. Qf1+ Kc2 64. Ke5 d1=Q 65. Qxd1+ 1-0

[Event "AUTO-ADV-4041"]
[Site "http://www.queenalice.com/game.php?id=1534443"]
[Date "2018.7.11"]
[Round "1"]
[White "ebpap123"]
[Black "jgfmelo"]
[Result "0-1"]
[WhiteElo "1932"]
[BlackElo "1898"]

1. e4 e5 2. Nf3 d6 3. d4 exd4 4. Nxd4 c5 5. Nf3 g6 6. Be2 Nc6 7. c3 a6 8. O-O h5
9. Re1 Be6 10. Nbd2 Bg7 11. Nf1 Nf6 12. N1d2 g5 13. Nxg5 Bg4 14. Bxg4 hxg4 15.
Nc4 Ke7 16. e5 dxe5 17. Qxd8+ Raxd8 18. Nd2 Rh5 19. Nge4 Rdh8 20. h3 gxh3 21. g3
h2+ 22. Kh1 Ng4 23. Nxc5 Nxf2+ 24. Kg2 h1=Q+ 25. Rxh1 Nxh1 26. Nxb7 f5 27. Nc5
a5 28. Nc4 f4 29. gxf4 exf4 30. Bxf4 Rh4 31. Bd6+ Kd8 32. Ne6+ Kd7 33. Nxg7 Rg4+
34. Kf3 Rxc4 35. Rd1 Kc8 36. Ne6 Rch4 37. Kg2 Rg8+ 38. Kf3 Rh3+ 39. Kf4 Nf2 40.
Rd2 Rg4+ 41. Kf5 Rh5+ 0-1

[Event "AUTO-OPEN-3952"]
[Site "http://www.queenalice.com/game.php?id=1534533"]
[Date "2018.7.12"]
[Round "1"]
[White "betofortaleza"]
[Black "jgfmelo"]
[Result "1-0"]
[WhiteElo "1861"]
[BlackElo "1914"]

1. e4 e5 2. Nf3 d6 3. Bc4 h6 4. d4 Bg4 5. h3 Bxf3 6. Qxf3 Nf6 7. dxe5 dxe5 8.
O-O Nc6 9. Bb5 Qd7 10. Rd1 Qe6 11. Bxc6+ Qxc6 12. Nc3 Bb4 13. Nd5 Be7 14. Nxf6+
Bxf6 15. c3 g5 16. Be3 b6 17. Rd5 O-O 18. Qh5 Kg7 19. h4 Rh8 20. hxg5 hxg5 21.
Qg4 Rh4 22. Qf5 Rah8 23. g3 Rh1+ 24. Kg2 Rxa1 25. Bxg5 Rh5 26. Bxf6+ Qxf6 27.
Qxh5 Rxa2 28. Rxe5 Ra5 29. Qg4+ Qg6 30. Qf4 Kf8 31. Rxa5 bxa5 32. f3 Qb6 33. Qd2
a4 34. Qd8+ Kg7 35. Qd4+ Qxd4 36. cxd4 Kf6 37. f4 Ke6 38. Kf3 Kd6 39. Ke3 Kc6
40. Kd3 Kb5 41. Kc3 a5 42. e5 c6 43. f5 c5 44. d5 Kb6 45. g4 Kb5 46. e6 fxe6 47.
dxe6 Kc6 48. f6 Kd6 49. e7 Kd7 50. g5 Ke8 51. g6 a3 52. bxa3 a4 53. g7 Kf7 54.
g8=Q+ Kxg8 55. e8=Q+ Kh7 56. f7 Kg7 57. f8=Q+ Kh7 58. Qef7# 1-0

[Event "AUTO-OPEN-3952"]
[Site "http://www.queenalice.com/game.php?id=1534534"]
[Date "2018.7.12"]
[Round "1"]
[White "jgfmelo"]
[Black "betofortaleza"]
[Result "0-1"]
[WhiteElo "1915"]
[BlackElo "1887"]

1. e4 e5 2. Nf3 Nc6 3. Bb5 a6 4. Bxc6 dxc6 5. Nxe5 Qg5 6. f4 Qxg2 7. Qf3 Qxf3 8.
Nxf3 Bg4 9. Kf2 Nf6 10. d3 Bc5+ 11. Kg2 Bxf3+ 12. Kxf3 O-O-O 13. Nc3 Rhe8 14.
Rg1 g6 15. Rg5 Bb4 16. Ne2 h6 17. Rg3 Nh5 18. Rg2 Bd6 19. Be3 Re6 20. Rag1 Rf6
21. h4 Re6 22. Nd4 Re7 23. a3 c5 24. Nb3 Re6 25. e5 Be7 26. Rg4 b6 27. d4 cxd4
28. Bxd4 Ng7 29. c3 Nf5 30. Bf2 h5 31. R4g2 Bxh4 32. Bd4 c5 33. Bf2 Kb7 34. Rh2
Bxf2 35. Kxf2 Rd3 36. Ke2 c4 37. Nc1 Rd8 38. b3 cxb3 39. Nxb3 Rd5 40. Rd1 Rxd1
41. Kxd1 Ne3+ 42. Ke2 Nd5 43. Nd4 Re7 44. Kf3 Nxc3 45. Rc2 Rc7 46. f5 Nd5 47.
Rxc7+ Nxc7 48. f6 Kc8 49. e6 Nxe6 50. Nxe6 Kd7 51. Ng5 b5 52. Ke4 a5 53. Kd4 b4
54. a4 h4 55. Kc4 h3 56. Nxh3 Ke6 57. Nf4+ Kxf6 58. Nd3 g5 59. Kb5 g4 60. Kxa5
b3 61. Kb4 b2 62. Nxb2 g3 63. Nc4 g2 64. a5 g1=Q 65. Kb5 Qb1+ 66. Kc5 Ke6 67.
Nb6 Qa2 68. Kb5 Kd6 69. a6 Qb3+ 70. Ka5 Kc6 71. Nc8 Qb5# 0-1

[Event "AUTO-OPEN-3952"]
[Site "http://www.queenalice.com/game.php?id=1534553"]
[Date "2018.7.12"]
[Round "1"]
[White "Sixpack_is_impossible"]
[Black "jgfmelo"]
[Result "1-0"]
[WhiteElo "2017"]
[BlackElo "1930"]

1. e4 e5 2. Nf3 Qf6 3. d4 Nc6 4. d5 Nce7 5. Nc3 Ng6 6. Bg5 Qb6 7. Rb1 Bc5 8. Na4
Bxf2+ 9. Ke2 Qb5+ 10. c4 Qxc4+ 11. Kxf2 Qxe4 12. Nc5 Qb4 13. Qc2 d6 14. Nd3 Qb6+
15. Be3 c5 16. b4 e4 17. bxc5 Qc7 18. Qa4+ Bd7 19. c6 bxc6 20. Bb6 Qc8 21. Qxe4+
N8e7 22. Ba5 cxd5 23. Qe3 Qc2+ 24. Be2 Qxa2 25. Ra1 Qc4 26. Nde5 Qe4 27. Nxg6
Qxe3+ 28. Kxe3 Nxg6 29. Rhd1 Be6 30. Ng5 O-O 31. Nxe6 fxe6 32. g3 Rab8 33. Bc7
Rb3+ 34. Kd2 Rb2+ 35. Ke1 Rc8 36. Bxd6 Rcc2 37. Bd3 Rxh2 38. Rxa7 Rh1+ 39. Bf1
h6 40. Rc1 Kh7 41. Rcc7 Rb1+ 42. Ke2 Rh2+ 43. Ke3 Rb3+ 44. Bd3 Rxd3+ 45. Kxd3 h5
46. Rxg7+ Kh6 47. Rh7+ Kg5 48. Be7+ Kf5 49. Rf7+ Kg4 50. Rg7 Kf5 51. g4+ hxg4
52. Rf7+ Ke5 53. Bf6+ Kd6 54. Ra6+ Kc5 55. Bd4+ Kb5 56. Rb6+ Ka5 57. Ra7# 1-0

[Event "AUTO-OPEN-3952"]
[Site "http://www.queenalice.com/game.php?id=1534554"]
[Date "2018.7.12"]
[Round "1"]
[White "jgfmelo"]
[Black "Sixpack_is_impossible"]
[Result "0-1"]
[WhiteElo "1929"]
[BlackElo "1947"]

1. e4 c5 2. Nc3 e6 3. Nf3 d6 4. d4 cxd4 5. Qxd4 Nc6 6. Bb5 Ne7 7. Bg5 h6 8. Bf4
d5 9. O-O-O g5 10. Be5 Rg8 11. Bf6 Bd7 12. Bxc6 Bxc6 13. e5 Qc7 14. g4 O-O-O 15.
Qxa7 Bg7 16. Nd4 Bxf6 17. exf6 Ng6 18. Na4 Bxa4 19. Qxa4 Ne5 20. h3 Nc4 21. Rd3
Kb8 22. Rhd1 Qf4+ 23. Kb1 Qxf2 24. Qb4 Rd6 25. b3 Rb6 26. Qe7 Rc8 27. Qxf7 e5
28. Kc1 Qf4+ 29. Kb1 exd4 30. Rxd4 Na3+ 31. Kb2 Rxc2+ 32. Kxa3 Ra6+ 33. Ra4 Qd6+
34. b4 Qg3+ 0-1

[Event "AUTO-MASTER-2755"]
[Site "http://www.queenalice.com/game.php?id=1538759"]
[Date "2018.8.13"]
[Round "1"]
[White "cerenzo72"]
[Black "jgfmelo"]
[Result "1-0"]
[WhiteElo "2026"]
[BlackElo "1883"]

1. b3 e5 2. Bb2 Nc6 3. e3 a6 4. Nc3 Nf6 5. Be2 d5 6. d3 Bb4 7. a3 Bd6 8. Nf3 e4
9. dxe4 dxe4 10. Ng5 h6 11. Ngxe4 Nxe4 12. Nxe4 O-O 13. O-O Qh4 14. Nxd6 cxd6
15. Qxd6 Qg5 16. f4 Qg6 17. Qxg6 fxg6 18. Rad1 Bf5 19. Bd3 Bg4 20. Rd2 Ne7 21.
c4 Rad8 22. Rff2 Nf5 23. h3 Nxe3 24. hxg4 Nxg4 25. Rfe2 Rxf4 26. Bxg6 Rdf8 27.
Rd1 Nf2 28. Rd7 Ng4 29. Rxg7+ Kh8 30. Rh7+ Kg8 31. Rh8# 1-0

[Event "AUTO-MASTER-2755"]
[Site "http://www.queenalice.com/game.php?id=1538760"]
[Date "2018.8.13"]
[Round "1"]
[White "jgfmelo"]
[Black "cerenzo72"]
[Result "0-1"]
[WhiteElo "1903"]
[BlackElo "2044"]

1. e4 Nc6 2. d4 d5 3. e5 e6 4. Nf3 Nge7 5. Nc3 Nf5 6. g4 Nh4 7. Be3 Nxf3+ 8.
Qxf3 Nb4 9. Bd3 Nxd3+ 10. cxd3 c5 11. Qf4 b6 12. dxc5 bxc5 13. Bd2 Bb7 14. d4
cxd4 15. Qxd4 Rc8 16. O-O Bc5 17. Qd3 d4 18. Qb5+ Qd7 19. Qxd7+ Kxd7 20. Nb5 a6
21. Na3 Ke7 22. Ba5 d3 23. Nc4 Bxf2+ 24. Rxf2 Rxc4 25. Raf1 Rxg4+ 26. Rg2 Rxg2+
27. Kh1 Rg5+ 0-1

[Event "AUTO-MASTER-2755"]
[Site "http://www.queenalice.com/game.php?id=1538771"]
[Date "2018.8.13"]
[Round "1"]
[White "RobertD"]
[Black "jgfmelo"]
[Result "1-0"]
[WhiteElo "2045"]
[BlackElo "1893"]

1. d4 d5 2. e3 Nf6 3. c4 Nc6 4. a3 e5 5. Nc3 Be6 6. b3 e4 7. c5 g6 8. Bb5 Qd7 9.
Nge2 a6 10. Bxc6 Qxc6 11. O-O h5 12. f3 g5 13. fxe4 Nxe4 14. b4 g4 15. Nxe4 dxe4
16. Bb2 Bc4 17. d5 Qxd5 18. Qxd5 Bxd5 19. Bxh8 O-O-O 20. Bf6 Rd7 21. Nf4 Bb3 22.
Bd4 Bc4 23. Rf2 h4 24. Rc2 Bd5 25. Nxd5 Rxd5 26. Rf2 f5 27. Raf1 g3 28. hxg3
hxg3 29. Rxf5 Rxf5 30. Rxf5 Bh6 31. Re5 Kd7 32. Rxe4 Bf8 33. Rg4 Kc6 34. e4 Kb5
35. Rxg3 b6 36. cxb6 cxb6 37. e5 Be7 38. e6 Bd8 39. Rg7 Ka4 40. e7 1-0

[Event "AUTO-MASTER-2755"]
[Site "http://www.queenalice.com/game.php?id=1538772"]
[Date "2018.8.13"]
[Round "1"]
[White "jgfmelo"]
[Black "RobertD"]
[Result "1-0"]
[WhiteElo "1898"]
[BlackElo "2063"]

1. e4 c5 2. Nf3 Nc6 3. d4 cxd4 4. Nxd4 d6 5. Bb5 Bd7 6. Nd2 Nxd4 7. Bc4 Nc6 8.
Nf3 Qb6 9. Ng5 e6 10. Qf3 Nf6 11. O-O Ne5 12. Qc3 Nxc4 13. b3 Ne5 14. Be3 Qc6
15. Qb2 h6 16. Rad1 hxg5 17. Bd4 Qxe4 18. Bxe5 dxe5 19. Rfe1 Qf4 20. h3 e4 21.
Qd4 g4 22. Rxe4 Nxe4 23. Qxd7# 1-0

[Event "AUTO-MASTER-2755"]
[Site "http://www.queenalice.com/game.php?id=1538777"]
[Date "2018.8.13"]
[Round "1"]
[White "Strogonoff"]
[Black "jgfmelo"]
[Result "1-0"]
[WhiteElo "2054"]
[BlackElo "1917"]

1. d4 d5 2. c4 Nc6 3. e3 e5 4. dxe5 Nxe5 5. cxd5 Nf6 6. Nc3 Bb4 7. Bd2 Bxc3 8.
Bxc3 Qd6 9. Bxe5 Qxe5 10. Nf3 Qxb2 11. Bc4 Qc3+ 12. Nd2 Bg4 13. f3 Bd7 14. O-O
Qxe3+ 15. Kh1 O-O 16. Re1 Qd4 17. Qc2 Nxd5 18. Bxd5 Qxd5 19. Rad1 Bc6 20. Ne4
Qf5 21. Qd3 h6 22. Qc3 Rfe8 23. Ng3 Rxe1+ 24. Rxe1 Qg5 25. Re5 Qg6 26. Ne4 Rd8
27. h3 Bxe4 28. Rxe4 Qg3 29. Qc2 Rd5 30. Re8# 1-0

[Event "AUTO-MASTER-2755"]
[Site "http://www.queenalice.com/game.php?id=1538778"]
[Date "2018.8.13"]
[Round "1"]
[White "jgfmelo"]
[Black "Strogonoff"]
[Result "0-1"]
[WhiteElo "1892"]
[BlackElo "2055"]

1. e4 e5 2. Nf3 Nc6 3. Bb5 d6 4. Bxc6+ bxc6 5. d4 Bg4 6. h3 Bxf3 7. gxf3 exd4 8.
Qxd4 Nf6 9. Bg5 Be7 10. f4 h6 11. Bxf6 Bxf6 12. e5 dxe5 13. Qxd8+ Rxd8 14. f5 e4
15. Nd2 Bxb2 16. Rd1 Bc3 17. Ke2 Bxd2 18. Rxd2 Rd5 19. Rg1 O-O 20. f6 g6 21. Ke3
Rfd8 22. Rxd5 cxd5 23. Kd4 Rd6 24. Ke5 Re6+ 25. Kxd5 Rxf6 26. Rg2 Re6 27. Rg3
c6+ 28. Kc5 f5 29. Rb3 f4 30. Rb8+ Kf7 31. Rb7+ Re7 32. Rxe7+ Kxe7 33. Kd4 g5
34. Kxe4 Kf6 35. c4 a5 36. f3 a4 37. Kd4 Ke6 38. Kc5 Kd7 39. Kb4 h5 40. Kxa4 g4
41. hxg4 hxg4 42. fxg4 f3 43. Kb4 f2 44. a4 f1=Q 45. a5 Qe1+ 46. Ka4 c5 47. Kb5
Qb4+ 48. Ka6 Kc7 49. g5 Qb7# 0-1